Insects

Bibliographic Details
Main Author: Mound, Laurence
Format: Book
Published: London : Dorling Kindersley , 1990
Series:Eyewitness guides
Subjects:

MARC

LEADER 00000cam a2200000 7i4500
001 0000005281
005 20140130.0
020 |a 0863184081 
090 0 0 |a 001   |b EYE 
100 1 |a Mound, Laurence 
245 1 0 |a Insects   |c Laurence Mound 
255 |a No. 17 
260 |a London :   |b Dorling Kindersley ,   |c 1990 
300 |a 64p :   |b Illust ;   |c 28 cm. 
490 0 |a Eyewitness guides 
650 0 0 |a Dictionaries and encyclopedias 
650 0 0 |a Insect 
999 |a 031076   |b BUKU   |c RUJUKAN   |e PERPUSTAKAAN KOMUNITI PETALING JAYA